A critical study of Richard Dawkins concept on the existence of God through scientifical and biblical evidence (Record no. 10483)

MARC details
000 -LEADER
fixed length control field 00495nam a22001577a 4500
003 - CONTROL NUMBER IDENTIFIER
control field GBCCL
005 - DATE AND TIME OF LATEST TRANSACTION
control field 20241126110733.0
008 - FIXED-LENGTH DATA ELEMENTS--GENERAL INFORMATION
fixed length control field 240814b ||||| |||| 00| 0 eng d
040 ## - CATALOGING SOURCE
Transcribing agency gbc
082 ## - DEWEY DECIMAL CLASSIFICATION NUMBER
Classification number ARC GBC-2023
Item number SHA
100 ## - MAIN ENTRY--PERSONAL NAME
Personal name Shangdiar, Badakmenlang
9 (RLIN) 18258
245 ## - TITLE STATEMENT
Title A critical study of Richard Dawkins concept on the existence of God through scientifical and biblical evidence
260 ## - PUBLICATION, DISTRIBUTION, ETC.
Place of publication, distribution, etc. New Lamka :
Name of publisher, distributor, etc. Grace Bible College,
Date of publication, distribution, etc. 2023
300 ## - PHYSICAL DESCRIPTION
Extent 45p. ;
Dimensions 28cm
942 ## - ADDED ENTRY ELEMENTS (KOHA)
Source of classification or shelving scheme Dewey Decimal Classification
Koha item type Thesis
Holdings
Withdrawn status Lost status Source of classification or shelving scheme Damaged status Not for loan Home library Current Library Shelving location Date acquired Total checkouts Full call number Barcode Date last seen Copy number Price effective from Koha item type
    Dewey Decimal Classification     GRACE BIBLE COLLEGE GRACE BIBLE COLLEGE Archives 2024-08-14   ARC GBC-2023 SHA 025193 2025-05-01 c.1 2024-08-14 Thesis
© Grace Bible College Library 2025